Buffalo Bills Starting Quarterbacks of Super Bowl Era - Statistics

General Stats
  • This quiz has been taken 231 times
    216 since last reset
  • The average score is 14 of 37
Answer Stats
Answer % Correct
Josh Allen
100%
Jim Kelly
96%
Tyrod Taylor
90%
Ryan Fitzpatrick
87%
EJ Manuel
76%
Drew Bledsoe
72%
Doug Flutie
71%
Rob Johnson
64%
J P Losman
59%
Nathan Peterman
59%
Jack Kemp
58%
Frank Reich
55%
Joe Ferguson
55%
Kyle Orton
53%
Trent Edwards
48%
Matt Barkley
41%
Alex Van Pelt
32%
Derek Anderson
30%
Jeff Tuel
30%
Todd Collins
23%
Kelly Holcomb
22%
Thad Lewis
22%
Brian Brohm
21%
Dennis Shaw
21%
Vince Ferragamo
16%
James Harris
9%
Ed Rutkowski
7%
Dan Darragh
6%
Tom Flores
5%
Joe Dufek
4%
Kay Stephenson
4%
Willie Totten
4%
Brian McClure
3%
Bruce Mathison
3%
Gary Marangi
3%
Leo Hart
3%
Dan Mancucci
1%
No matching quizzes found
Score Distribution
Percent of People with Each Score
Percentile by Number Answered
Your Score History
You have not taken this quiz since the last reset